<?xml version="1.0" encoding="UTF-8"?>
<marc:record xmlns:marc="http://www.loc.gov/MARC21/slim">
   <marc:leader>00000nam a2200000 a 4500</marc:leader>
   <marc:datafield ind1="1" ind2=" " tag="100">
      <marc:subfield code="a">Chalatbarie, Farideh</marc:subfield>
      <marc:subfield code="4">aut</marc:subfield>
      <marc:subfield code="e">Verfasser/-in</marc:subfield>
   </marc:datafield>
   <marc:datafield ind1="1" ind2=" " tag="100">
      <marc:subfield code="a">Chosrawani, Scharareh</marc:subfield>
      <marc:subfield code="4">aut</marc:subfield>
      <marc:subfield code="e">Verfasser/-in</marc:subfield>
   </marc:datafield>
   <marc:datafield ind1="0" ind2="0" tag="245">
      <marc:subfield code="a">Busfahrt ins Ungewisse</marc:subfield>
   </marc:datafield>
   <marc:datafield ind1="0" ind2="0" tag="245">
      <marc:subfield code="c">Chalatbarie, Farideh</marc:subfield>
   </marc:datafield>
   <marc:datafield ind1=" " ind2="1" tag="264">
      <marc:subfield code="a">Berlin</marc:subfield>
      <marc:subfield code="b">Ed. Orient</marc:subfield>
      <marc:subfield code="c">2012</marc:subfield>
   </marc:datafield>
   <marc:datafield ind1="1" ind2=" " tag="520">
      <marc:subfield code="a">Angaben aus der Verlagsmeldung

Busfahrt ins Ungewisse. Utubus Awazi / von Farideh Chalatbarie, Farideh Khalatbaree

Ein junger Busfahrer hat seinen ersten Arbeitstag und erhält den mysteriösen Auftrag, seine Passagiere in die Hölle zu bringen. Während der langen Fahrt fangen die Fahrgäste an, sich darüber zu unterhalten, wie es zu jener Katastrophe kommen konnte, deretwegen sie nun hier sitzen. Der junge Busfahrer hört aufmerksam zu und weiß bald nicht mehr, ob er am Ende der Straße in Richtung Hölle oder aber in Richtung Himmel abbiegen soll.Eine phantastische Geschichte aus dem Iran über Schuld und Verantwortung, Himmel und Hölle.
</marc:subfield>
   </marc:datafield>
   <marc:datafield ind1=" " ind2=" " tag="020">
      <marc:subfield code="a">9783922825852</marc:subfield>
      <marc:subfield code="9">9783922825852</marc:subfield>
   </marc:datafield>
   <marc:datafield ind1=" " ind2=" " tag="020">
      <marc:subfield code="a">3922825850</marc:subfield>
      <marc:subfield code="9">3922825850</marc:subfield>
   </marc:datafield>
   <marc:datafield ind1=" " ind2=" " tag="300">
      <marc:subfield code="a">31 S.</marc:subfield>
   </marc:datafield>
</marc:record>
